00531 2200169 4500245008800000020001800088250001000106100003500116650002900151005001900180260003000199041001400229084001100243500007200254490002600326336000900352 aEnsiklopedia Al-Quran (Konsep Taqwa) Volume 2cMUHAMMAD KAMIL HASAN AL-MAHAMIhText a979-99479-0-1 aCet.1 aMUHAMMAD KAMIL HASAN AL-MAHAMI aEnsiklopedia Agama Islam a20231124141042 aJakartabPT Kharisma Ilmu aIndonesia a297.03 aDaftar isi : berselawat kepada nabi saw, doa, rahmat (kasih sayang) aEnsiklopedia Al-Quran atext